000
00265nam a22001217a 4500
082
_a
621.3815363 KIV
100
_a
KIVER,MILTON.S
_9
41682
245
_a
F-M SIMPLIFIED
250
_a
3RD
260
_a
NEW YORK
_b
D.VAN NORTRAND
_c
1960
300
_a
376P
942
_c
BK
999
_c
584646
_d
584646